000 00265nam a22001217a 4500
008 180207b xxu||||| |||| 00| 0 eng d
041 _aeng
080 _a61
100 _a3
101 _ashm
245 _aPHYSICIANS DESK REFERENCE
_cBERGER.V.E
942 _2udc
_cBK
999 _c41965
_d41965